000 00253nam a22001217a 4500
008 180125b xxu||||| |||| 00| 0 eng d
041 _aeng
080 _a574
100 _a9
101 _amje
245 _awoodlan ecology
_cleon.s.m
942 _2udc
_cBK
999 _c40958
_d40958